000 01924nam a22002417a 4500
999 _c63048
_d63048
003 Ge_BSU
005 20250523162451.0
008 250523s2023 ge ||||| |||| 00| 0 geo d
020 _a9789941858826
041 _ageo
080 _a128 კ-75
100 _aკოპალეიშვილი, ნიკოლოზ
_912814
245 _aნეტარი ავგუსტინეს ფილოსოფიური ანთროპოლოგია = Philosophical antropology of St. Augustine /
_cნიკოლოზ კოპალეიშვილი; სამეცნიერო რედაქტორი თენგიზ ირემაძე ; დაკაბადონება და ყდის დიზაინი გიორგი ბაგრატიონი ; ახალი საქართველოს უნივერსიტეტი, კავკასიური ფილოსოფიისა და თეოლოგიის სამეცნიერო-კვლევითი არქივი.
250 _aპირველი გამოცემა.
264 _aთბილისი,
_c 2023.
300 _a228 გვ. ;
_b20 სმ.
500 _aსაძიებლები: გვ. 221-227.
520 _a რეზიუმე ინგლისურ ენაზე.
700 _aირემაძე, თენგიზ
_eსამეცნიერო რედაქტორი
_92229
700 _aბაგრატიონი, გიორგი
_eყდის დიზაინერი
_925112
710 _aახალი საქართველოს უნივერსიტეტი.
_bკავკასიური ფილოსოფიისა და თეოლოგიის სამეცნიერო-კვლევითი არქივი.
_925113
942 _2udc
_cᲬᲘᲒᲜᲘ